000 00469nam a2200193Ia 4500
003 GCL
008 140319s9999 xx 000 0 eng d
040 _aGCL /
_cGCL
082 0 4 _a709.04012
_bD A
100 1 _aDUNCAN, ALASTAIR
245 1 0 _aART DECO /
_cDUNCAN, ALASTAIR
260 _a[S.N] :
_bTHAMES AND HUDSON ،
_c1991
300 _a216
650 0 4 _aARTS
650 0 4 _aDESIGN
650 0 4 _aHISTORY AND CRITICISM
650 0 4 _aDECORATION
942 _2ddc
_cBK
999 _c17243
_d17243